Vollstreckungsplan für das Land Baden-Württemberg

Guardado en:  
Detalles Bibliográficos
Autor Corporativo: Baden-Württemberg. Herausgebendes Organ (organimos emisor)
Tipo de documento: Print Loose-leaf publications
Lenguaje:Alemán
Publicado: [Stuttgart] 1970-
En:Año: 1970
Verificar disponibilidad: HBZ Gateway
Palabras clave:
Parallel Edition:Electrónico

MARC

LEADER 00000cai a2200000 c 4500
001 187919623
003 DE-627
005 20230407164839.0
007 td
008 950913c19709999gw z| | 0 |2ger c
016 7 |a 01776369X  |2 DE-101 
016 7 |a 1259690-5  |2 DE-600 
035 |a (DE-627)187919623 
035 |a (DE-576)118956728 
035 |a (DE-599)ZDB1259690-5 
035 |a (OCoLC)1367971774 
040 |a DE-627  |b ger  |c DE-627  |e rakwb 
041 |a ger 
044 |c XA-DE 
082 0 4 |a 340  |q DE-600 
084 |a 2,1  |2 ssgn 
245 0 0 |a Vollstreckungsplan für das Land Baden-Württemberg  |c Justizministerium 
264 3 1 |a [Stuttgart]  |c 1970- 
300 |a Bände (Loseblattsammlung) 
336 |a Text  |b txt  |2 rdacontent 
337 |a ohne Hilfsmittel zu benutzen  |b n  |2 rdamedia 
338 |a Band  |b nc  |2 rdacarrier 
500 |a Bisherige Zählung: Nachgewiesen [1970] - 
655 7 |a Loseblattsammlung  |0 (DE-588)4343271-2  |0 (DE-627)153776951  |0 (DE-576)211441112  |2 gnd-content 
710 2 |a Baden-Württemberg  |b Justizministerium  |e Herausgebendes Organ  |0 (DE-588)39409-9  |0 (DE-627)100900860  |0 (DE-576)190365153  |4 isb 
776 0 8 |i Online-Ausgabe  |t Online-Vollstreckungsplan für das Land Baden-Württemberg  |d Stuttgart : Justizministerium, 2005  |h Online-Ressource  |w (DE-627)501801197  |w (DE-600)2207213-5  |w (DE-576)251709876  |k Electronic 
951 |a JT 
ELC |b 1 
ORI |a SA-MARC-krimdok_oa001.raw